000 00287nam a22001217a 4500
082 _a336.20973 HUB
100 _aHubbard, Joshua C.
245 _aCreation of income by taxation
260 _aLondon
_bGreenWood
_c1968
300 _axi, 239
_b23cm.
500 _ainclude index
942 _cBK
999 _c13418
_d13418